[Event "Quimper op 8th"]
[Site "Quimper"]
[Date "2017.10.31"]
[Round "2"]
[White "Rannou, Noel"]
[Black "Ollivier, Alain"]
[Result "1-0"]
[WhiteElo "1457"]
[BlackElo "1556"]
[PlyCount "43"]
[EventDate "2017.10.31"]
[EventType "swiss"]
[EventRounds "6"]
[EventCountry "FRA"]
[SourceTitle "EXT 2023"]
[Source "ChessBase"]
[SourceDate "2022.10.05"]
[SourceVersion "1"]
[SourceVersionDate "2022.10.05"]
[SourceQuality "1"]

1. c4 c5 2. Nc3 Nc6 3. g3 g6 4. Bg2 Bg7 5. e3 e5 6. Nge2 Nge7 7. 0-0 d6 8. d3 0-0 9. Nd5 Nxd5 10. Bxd5 Bh3 11. Bg2 Bxg2 12. Kxg2 d5 13. cxd5 Qxd5+ 14. e4 Qd7 15. Be3 b6 16. Qa4 Qxd3 17. Nc3 Qd7 18. Rad1 Qb7 19. Nd5 Nd4 20. Qc4 Nc6 21. Qb5 Rad8 22. Qxc6 1-0

[Event "Fouesnant op 15th"]
[Site "Fouesnant"]
[Date "2009.10.28"]
[Round "6"]
[White "Le Garrec, Maxime"]
[Black "Ollivier, Alain"]
[Result "0-1"]
[WhiteElo "1687"]
[BlackElo "1510"]
[PlyCount "66"]
[EventDate "2009.10.26"]
[EventType "swiss"]
[EventRounds "9"]
[EventCountry "FRA"]
[SourceTitle "EXT 2010"]
[Source "ChessBase"]
[SourceDate "2010.11.25"]
[SourceVersion "1"]
[SourceVersionDate "2010.11.25"]
[SourceQuality "1"]

1. e4 e6 2. d4 c5 3. c3 d5 4. Nd2 Nc6 5. Ngf3 cxd4 6. cxd4 dxe4 7. Nxe4 Qa5+ 8. Bd2 Bb4 9. Nc3 Nf6 10. Bd3 0-0 11. a3 Be7 12. 0-0 Qd8 13. Bf4 a6 14. Rc1 g6 15. Bc4 Re8 16. Re1 Bf8 17. Bg5 h6 18. Bf4 Bd7 19. Ne5 Rc8 20. Nxc6 Bxc6 21. Be5 Bg7 22. b4 b5 23. Bb3 Qd7 24. Qd2 Nd5 25. Bxg7 Kxg7 26. Ne4 Nf6 27. Nc5 Qd6 28. h3 Rcd8 29. Rcd1 e5 30. dxe5 Qxd2 31. exf6+ Kxf6 32. Rxd2 Rxe1+ 33. Kh2 Rxd2 0-1

[Event "Fouesnant op 12th"]
[Site "Fouesnant"]
[Date "2006.11.03"]
[Round "8"]
[White "Ollivier, Alain"]
[Black "Deslias, Gregoire"]
[Result "1/2-1/2"]
[WhiteElo "1780"]
[BlackElo "1610"]
[PlyCount "62"]
[EventDate "2006.10.28"]
[EventType "swiss"]
[EventRounds "9"]
[EventCountry "FRA"]
[SourceTitle "EXT 2008"]
[Source "ChessBase"]
[SourceDate "2007.11.25"]
[SourceVersion "1"]
[SourceVersionDate "2007.11.25"]
[SourceQuality "1"]

1. e4 e5 2. Nf3 Nc6 3. Bb5 a6 4. Bxc6 dxc6 5. 0-0 Bg4 6. h3 Bh5 7. d3 Bc5 8. Qe2 Nf6 9. Be3 Qd6 10. Nbd2 0-0-0 11. Rfc1 Rhg8 12. Bxc5 Qxc5 13. Qe1 g5 14. Nf1 g4 15. hxg4 Bxg4 16. N3h2 Be6 17. Qe3 Qf8 18. Re1 Qg7 19. Qg3 Qh6 20. Qe3 Qh5 21. Qf3 Qxf3 22. Nxf3 h5 23. Ne3 Rg7 24. Kf1 Rdg8 25. Ke2 Ng4 26. Nxg4 Rxg4 27. g3 f6 28. Rh1 Bf7 29. b3 R4g7 30. Nh4 Be6 31. Nf3 Bg4 1/2-1/2

[Event "IECG CC.2006.0.00133 email"]
[Site "IECG email"]
[Date "2006.03.19"]
[Round "7"]
[White "Basson, Heinrich"]
[Black "Ollivier, Alain"]
[Result "1/2-1/2"]
[WhiteElo "1750"]
[BlackElo "1629"]
[PlyCount "85"]
[EventDate "2006.03.19"]
[EventType "tourn (corr)"]
[EventRounds "6"]
[SourceTitle "Corr 2008"]
[Source "ChessBase"]
[SourceDate "2008.06.24"]
[SourceVersion "1"]
[SourceVersionDate "2008.06.24"]
[SourceQuality "1"]

1. e4 c5 2. Nf3 Nc6 3. d4 cxd4 4. Nxd4 Nf6 5. Nc3 e6 6. Ndb5 Bb4 7. a3 Bxc3+ 8. Nxc3 d5 9. Bd3 d4 10. Ne2 e5 11. 0-0 0-0 12. Bg5 h6 13. Bh4 Qd6 14. Rc1 Re8 15. c3 g5 16. Bg3 a6 17. cxd4 Nxd4 18. Bb1 Nh5 19. Qxd4 Qxd4 20. Nxd4 Nxg3 21. hxg3 exd4 22. Rfd1 Rd8 23. Rc4 Be6 24. Rcxd4 Rxd4 25. Rxd4 Rc8 26. Rd1 Bb3 27. Re1 Rd8 28. e5 Rd2 29. Be4 Rxb2 30. Bxb7 a5 31. Ra1 Kf8 32. Be4 Re2 33. f3 a4 34. Kh2 Ke7 35. Rc1 Ke6 36. Rc5 Re1 37. g4 Ra1 38. Bf5+ Ke7 39. Rc6 Rxa3 40. Rxh6 Ra2 41. Rb6 Bd5 42. Kg3 a3 43. Be4 1/2-1/2

[Event "IECG CC.2006.0.00133 email"]
[Site "IECG email"]
[Date "2006.03.19"]
[Round "4"]
[White "Ollivier, Alain"]
[Black "McDonald, Graham R"]
[Result "1/2-1/2"]
[WhiteElo "1629"]
[BlackElo "1714"]
[PlyCount "66"]
[EventDate "2006.03.19"]
[EventType "tourn (corr)"]
[EventRounds "6"]
[SourceTitle "Corr 2008"]
[Source "ChessBase"]
[SourceDate "2008.06.24"]
[SourceVersion "1"]
[SourceVersionDate "2008.06.24"]
[SourceQuality "1"]

1. d4 Nf6 2. Nf3 d5 3. e3 e6 4. Bd3 c5 5. b3 Nc6 6. 0-0 Bd6 7. Bb2 0-0 8. Nbd2 Qe7 9. Ne5 cxd4 10. exd4 Qc7 11. Nxc6 bxc6 12. Nf3 a5 13. c4 Ba6 14. Re1 Bb4 15. Re2 a4 16. Qc2 Rfd8 17. Rc1 axb3 18. axb3 c5 19. dxc5 Bxc5 20. cxd5 Bxd3 21. Qxd3 Rxd5 22. Qc4 Qe7 23. Re5 Bd6 24. Rxd5 Nxd5 25. Qg4 Nf6 26. Qg5 h6 27. Bxf6 Qxf6 28. Qxf6 gxf6 29. Kf1 Kf8 30. Rc2 Ra3 31. Rb2 Bb4 32. g4 Ke7 33. Kg2 Bc3 1/2-1/2

[Event "IECG TE.2006.P.02127 email"]
[Site "IECG email"]
[Date "2006.03.13"]
[Round "1"]
[White "Amir, Jacob"]
[Black "Ollivier, Alain"]
[Result "0-1"]
[WhiteElo "1748"]
[BlackElo "1629"]
[PlyCount "96"]
[EventDate "2006.03.17"]
[EventType "tourn (corr)"]
[EventRounds "12"]
[SourceTitle "Corr 2024"]
[Source "ChessBase"]
[SourceDate "2023.10.19"]
[SourceVersion "1"]
[SourceVersionDate "2023.10.19"]
[SourceQuality "1"]

1. e4 c5 2. f4 d5 3. Bb5+ Nd7 4. exd5 Ngf6 5. c4 a6 6. Bxd7+ Bxd7 7. Nf3 e6 8. dxe6 Bxe6 9. Qa4+ Bd7 10. Qb3 Bd6 11. 0-0 0-0 12. Qxb7 Bxf4 13. Nc3 Bg4 14. Nd5 Nxd5 15. Qxd5 Qxd5 16. cxd5 Bxf3 17. Rxf3 Be5 18. d4 Bxd4+ 19. Be3 Rfd8 20. Bxd4 cxd4 21. Rf5 g6 22. Re5 f6 23. Re6 Kf7 24. Rf1 f5 25. Rfe1 Rxd5 26. Re7+ Kg8 27. Rc7 d3 28. Kf2 d2 29. Rd1 Rad8 30. Rc2 Kf7 31. Ke2 Ke6 32. Rdxd2 Rxd2+ 33. Rxd2 Rb8 34. b3 Rc8 35. Ke3 Rc1 36. Kd4 Kd6 37. b4 Kc6 38. g3 Kb5 39. Ke5 Kxb4 40. Rb2+ Ka3 41. Rb7 a5 42. Rxh7 a4 43. Rg7 Rc6 44. Ra7 Rc2 45. h4 Rc4 46. h5 gxh5 47. Rh7 Kxa2 48. Rxh5 a3 0-1

[Event "IECG TE.2006.P.02127 email"]
[Site "IECG email"]
[Date "2006.03.13"]
[Round "1"]
[White "Kudryavtsev, Yaroslav"]
[Black "Ollivier, Alain"]
[Result "1/2-1/2"]
[WhiteElo "1949"]
[BlackElo "1629"]
[PlyCount "55"]
[EventDate "2006.03.17"]
[EventType "tourn (corr)"]
[EventRounds "12"]
[SourceTitle "Corr 2024"]
[Source "ChessBase"]
[SourceDate "2023.10.19"]
[SourceVersion "1"]
[SourceVersionDate "2023.10.19"]
[SourceQuality "1"]

1. e4 c5 2. f4 d5 3. exd5 Nf6 4. Bb5+ Bd7 5. Bxd7+ Qxd7 6. c4 e6 7. Qe2 Bd6 8. f5 0-0 9. fxe6 fxe6 10. dxe6 Qe8 11. Nf3 Qh5 12. Nc3 Nc6 13. d3 Rae8 14. Bd2 Bg3+ 15. Kd1 Ng4 16. Kc1 Bd6 17. Ne4 Rxe6 18. Nfg5 Rh6 19. h3 Nd4 20. Qd1 Bf4 21. Bxf4 Rxf4 22. Qd2 Nf2 23. Nxf2 Ne2+ 24. Kb1 Rxf2 25. Qe3 Rxg2 26. Qe7 Rxg5 27. Qd8+ Kf7 28. Qd7+ 1/2-1/2

[Event "IECG TE.2006.P.02127 email"]
[Site "IECG email"]
[Date "2006.03.13"]
[Round "1"]
[White "Ollivier, Alain"]
[Black "Amir, Jacob"]
[Result "1-0"]
[WhiteElo "1629"]
[BlackElo "1748"]
[PlyCount "55"]
[EventDate "2006.03.17"]
[EventType "tourn (corr)"]
[EventRounds "12"]
[SourceTitle "Corr 2024"]
[Source "ChessBase"]
[SourceDate "2023.10.19"]
[SourceVersion "1"]
[SourceVersionDate "2023.10.19"]
[SourceQuality "1"]

1. e4 c5 2. f4 e6 3. Nf3 Nf6 4. Nc3 Nc6 5. Bb5 Be7 6. 0-0 0-0 7. Bxc6 bxc6 8. d3 d5 9. Qe1 Ba6 10. e5 Ng4 11. f5 exf5 12. h3 d4 13. Nd1 c4 14. hxg4 cxd3 15. gxf5 dxc2 16. Nf2 d3 17. Qe4 Qd5 18. Qg4 Kh8 19. Ne4 f6 20. e6 d2 21. Bxd2 Bxf1 22. Rxf1 Rad8 23. Nh4 Qd4+ 24. Kh1 Qd3 25. Ng6+ hxg6 26. Qh4+ Kg8 27. fxg6 Qxf1+ 28. Kh2 1-0

[Event "IECG TE.2006.P.02127 email"]
[Site "IECG email"]
[Date "2006.03.13"]
[Round "1"]
[White "Ollivier, Alain"]
[Black "Kudryavtsev, Yaroslav"]
[Result "0-1"]
[WhiteElo "1629"]
[BlackElo "1949"]
[PlyCount "64"]
[EventDate "2006.03.17"]
[EventType "tourn (corr)"]
[EventRounds "12"]
[SourceTitle "Corr 2024"]
[Source "ChessBase"]
[SourceDate "2023.10.19"]
[SourceVersion "1"]
[SourceVersionDate "2023.10.19"]
[SourceQuality "1"]

1. e4 c5 2. f4 d5 3. exd5 Nf6 4. Bb5+ Bd7 5. Bxd7+ Qxd7 6. c4 e6 7. Qe2 Bd6 8. dxe6 fxe6 9. d3 0-0 10. Nf3 Nc6 11. 0-0 e5 12. f5 Rae8 13. Nbd2 Nd4 14. Nxd4 exd4 15. Qd1 Re5 16. b4 cxb4 17. a3 a6 18. axb4 Bxb4 19. Rb1 Bc3 20. Qf3 b5 21. cxb5 axb5 22. Nb3 Qd5 23. Bd2 b4 24. h3 Rfe8 25. g4 Re2 26. Qxd5+ Nxd5 27. Rf2 Bxd2 28. Nxd2 Re1+ 29. Rxe1 Rxe1+ 30. Kg2 Re3 31. Rf3 Re2+ 32. Rf2 Nf4+ 0-1

[Event "FRA-chT3 0405"]
[Site "France"]
[Date "2005.04.13"]
[Round "2.6"]
[White "Le Bideau, Jean Yves"]
[Black "Ollivier, Alain"]
[Result "0-1"]
[WhiteElo "1499"]
[BlackElo "1600"]
[PlyCount "61"]
[EventDate "2004.10.10"]
[EventType "team"]
[EventRounds "9"]
[EventCountry "FRA"]
[SourceTitle "EXT 2007"]
[Source "ChessBase"]
[SourceDate "2006.11.23"]
[SourceVersion "1"]
[SourceVersionDate "2006.11.23"]
[SourceQuality "1"]

1. d4 Nf6 2. c4 g6 3. Nc3 Bg7 4. Nf3 d6 5. Bg5 Nbd7 6. e3 0-0 7. Be2 c5 8. 0-0 b6 9. Qc2 cxd4 10. exd4 Bb7 11. Rad1 Rc8 12. b3 a6 13. h3 Qc7 14. Qd3 Rfd8 15. Qe3 Re8 16. Rfe1 b5 17. Rc1 bxc4 18. Bxc4 Qa5 19. Qd2 Bxf3 20. gxf3 e5 21. Bxf6 Bxf6 22. Re2 exd4 23. Nd5 Qxd2 24. Rxd2 Bd8 25. Rxd4 Ne5 26. Rf4 Nd3 27. Nf6+ Bxf6 28. Rxf6 Nxc1 29. Bxf7+ Kg7 30. Bxe8 Kxf6 31. Bd7 0-1

[Event "FRA-chT3 0405"]
[Site "France"]
[Date "2005.02.06"]
[Round "5.6"]
[White "Tremorin, Guy"]
[Black "Ollivier, Alain"]
[Result "1-0"]
[WhiteElo "1740"]
[BlackElo "1600"]
[PlyCount "31"]
[EventDate "2004.10.10"]
[EventType "team"]
[EventRounds "9"]
[EventCountry "FRA"]
[SourceTitle "EXT 2007"]
[Source "ChessBase"]
[SourceDate "2006.11.23"]
[SourceVersion "1"]
[SourceVersionDate "2006.11.23"]
[SourceQuality "1"]

1. c4 e6 2. Nc3 d5 3. e3 Nf6 4. Nf3 Bd6 5. d4 0-0 6. c5 Be7 7. Bd3 Nc6 8. a3 e5 9. dxe5 Ng4 10. Nxd5 Bxc5 11. b4 Bb6 12. Bb2 Re8 13. Nxb6 cxb6 14. h3 Ngxe5 15. Nxe5 Nxe5 16. Bxe5 1-0

[Event "Fouesnant op 10th"]
[Site "Fouesnant"]
[Date "2004.10.24"]
[Round "3"]
[White "Delaire, Eric"]
[Black "Ollivier, Alain"]
[Result "1-0"]
[WhiteElo "1989"]
[BlackElo "1600"]
[PlyCount "43"]
[EventDate "2004.10.23"]
[EventType "swiss"]
[EventRounds "9"]
[EventCountry "FRA"]
[SourceTitle "EXT 2007"]
[Source "ChessBase"]
[SourceDate "2006.11.23"]
[SourceVersion "1"]
[SourceVersionDate "2006.11.23"]
[SourceQuality "1"]

1. e4 e6 2. d4 c5 3. Be3 cxd4 4. Bxd4 Nc6 5. Be3 Nf6 6. Nd2 d5 7. Bg5 dxe4 8. Bb5 Qd5 9. Bxc6+ Qxc6 10. Ne2 e5 11. 0-0 h6 12. Be3 Bf5 13. Ng3 Bg6 14. Qe2 Bd6 15. Nc4 Ke7 16. Nxd6 Qxd6 17. Qb5 Nd7 18. Rad1 Qc6 19. Qb4+ Ke8 20. Rd6 Qc7 21. Rfd1 Rd8 22. Bxa7 1-0

[Event "Finistere-chT 0304"]
[Site "Finistere"]
[Date "2004.03.20"]
[Round "6.14"]
[White "Chetail, Jean Louis"]
[Black "Ollivier, Alain"]
[Result "1-0"]
[WhiteElo "1430"]
[BlackElo "1670"]
[PlyCount "99"]
[EventDate "2003.10.??"]
[EventType "team-swiss"]
[EventRounds "6"]
[EventCountry "FRA"]
[SourceTitle "EXT 2005"]
[Source "ChessBase"]
[SourceDate "2004.11.15"]
[SourceVersion "1"]
[SourceVersionDate "2004.11.15"]
[SourceQuality "1"]

1. g3 d5 2. d4 Bf5 3. Bg2 Nc6 4. Nf3 Nf6 5. 0-0 e6 6. Ne5 Bd6 7. Nxc6 bxc6 8. c4 0-0 9. c5 Be7 10. Nc3 Re8 11. b4 Bf8 12. f3 e5 13. dxe5 Rxe5 14. Bf4 Re8 15. Qd4 Nd7 16. e4 dxe4 17. fxe4 Be6 18. Rad1 a5 19. a3 Qb8 20. Rb1 Rd8 21. Qe3 axb4 22. axb4 Bc4 23. Rfe1 Nf6 24. e5 Nd5 25. Nxd5 cxd5 26. Qd4 c6 27. e6 Qb7 28. exf7+ Qxf7 29. Bh3 Qh5 30. Bg2 Qf5 31. Qe3 Re8 32. Qc3 Rxe1+ 33. Rxe1 Ra2 34. Be4 Qh3 35. Bc2 Qd7 36. Ra1 Rxa1+ 37. Qxa1 Qe6 38. Be5 Bb5 39. Qd4 Qf7 40. Bd3 Qb7 41. Bxb5 Qxb5 42. Kf2 Qb7 43. h4 g6 44. Qg4 Qe7 45. Qf4 Qf7 46. Ke3 Bg7 47. Qxf7+ Kxf7 48. Bxg7 Kxg7 49. b5 cxb5 50. c6 1-0

[Event "Finistere-chT 0304"]
[Site "Finistere"]
[Date "2004.02.28"]
[Round "5.10"]
[White "Fraval, Guy"]
[Black "Ollivier, Alain"]
[Result "1-0"]
[WhiteElo "1430"]
[BlackElo "1670"]
[PlyCount "67"]
[EventDate "2003.10.??"]
[EventType "team-swiss"]
[EventRounds "6"]
[EventCountry "FRA"]
[SourceTitle "EXT 2005"]
[Source "ChessBase"]
[SourceDate "2004.11.15"]
[SourceVersion "1"]
[SourceVersionDate "2004.11.15"]
[SourceQuality "1"]

1. d4 d5 2. c4 c6 3. Nf3 e6 4. Bf4 Bd6 5. Bxd6 Qxd6 6. Nc3 Nf6 7. e3 0-0 8. Bd3 dxc4 9. Bxc4 b5 10. Bd3 Bb7 11. 0-0 Nbd7 12. Qe2 a6 13. Rfd1 c5 14. dxc5 Qxc5 15. Rac1 Qh5 16. Ne1 Qg5 17. Nf3 Qg4 18. e4 Rfd8 19. Qe3 Rac8 20. h3 Qh5 21. Be2 Qc5 22. Qf4 Qe7 23. Qh4 Nb6 24. e5 Nfd5 25. Qxe7 Nxe7 26. Ng5 Ng6 27. Bf3 Bxf3 28. Nxf3 Nc4 29. b3 Ncxe5 30. Nxe5 Nxe5 31. Ne4 Rxd1+ 32. Rxd1 f5 33. Ng5 Rc2 34. Rd8# 1-0

[Event "IECG CP.2002.P.00032 email"]
[Site "IECG email"]
[Date "2002.10.01"]
[Round "?"]
[White "Ollivier, Alain"]
[Black "Hennigs, Wolfgang"]
[Result "1-0"]
[WhiteElo "1526"]
[BlackElo "1053"]
[PlyCount "89"]
[EventDate "2002.10.01"]
[EventType "tourn (corr)"]
[EventRounds "6"]
[EventCountry "RUS"]
[SourceTitle "Corr 2008"]
[Source "ChessBase"]
[SourceDate "2008.06.24"]
[SourceVersion "1"]
[SourceVersionDate "2008.06.24"]
[SourceQuality "1"]

1. e4 c5 2. c3 Nf6 3. e5 Nd5 4. d4 cxd4 5. Bc4 Nb6 6. Bb3 e6 7. Nf3 d6 8. exd6 Bxd6 9. cxd4 Nd5 10. 0-0 0-0 11. Nc3 Nxc3 12. bxc3 Nd7 13. Re1 b6 14. c4 Bb7 15. Bb2 Qf6 16. Nd2 Rfd8 17. Nf1 Nf8 18. Ng3 Ng6 19. Qc2 Nf4 20. f3 Qg5 21. Ne4 Bxe4 22. fxe4 b5 23. Rac1 Rdc8 24. g3 bxc4 25. Bxc4 Bb4 26. Rf1 Bd2 27. Rcd1 Ng6 28. Qxd2 Qxd2 29. Rxd2 Rxc4 30. Kf2 Rb8 31. Ke3 f6 32. Rc1 Ra4 33. Ba1 Ra3+ 34. Rc3 Rxc3+ 35. Bxc3 Rc8 36. Bb4 Kf7 37. Kd3 a6 38. Rc2 Rxc2 39. Kxc2 Ne7 40. Kc3 f5 41. exf5 Nxf5 42. Bc5 Kf6 43. Kb4 h5 44. Ka5 g5 45. Kxa6 1-0

[Event "IECC O email"]
[Site "IECC email"]
[Date "2002.06.11"]
[Round "?"]
[White "Ollivier, Alain"]
[Black "Van der Vurst, Adri"]
[Result "1/2-1/2"]
[WhiteElo "1824"]
[BlackElo "1845"]
[PlyCount "52"]
[EventDate "2002.??.??"]
[EventType "tourn (corr)"]
[EventRounds "6"]
[SourceTitle "Corr 2008"]
[Source "ChessBase"]
[SourceDate "2008.06.24"]
[SourceVersion "1"]
[SourceVersionDate "2008.06.24"]
[SourceQuality "1"]

1. d4 f5 2. c4 e6 3. Nc3 Nf6 4. g3 d5 5. Bg2 c6 6. Nf3 Bd6 7. 0-0 0-0 8. Qc2 Ne4 9. Rb1 Nd7 10. b4 Ndf6 11. c5 Bc7 12. Bf4 Bxf4 13. gxf4 Kh8 14. a4 Nd7 15. b5 Qf6 16. Na2 g5 17. Nc1 Rg8 18. Nd3 gxf4 19. Nxf4 e5 20. dxe5 Nxe5 21. Nxe5 Qxe5 22. e3 Bd7 23. Rfc1 Rg7 24. Qb2 Qxb2 25. Rxb2 Rag8 26. Kf1 Bc8 1/2-1/2

[Event "IECG CC.2002.0.00031 email"]
[Site "IECG email"]
[Date "2002.04.16"]
[Round "?"]
[White "Pfeiffer, Andre"]
[Black "Ollivier, Alain"]
[Result "0-1"]
[WhiteElo "1682"]
[BlackElo "1754"]
[PlyCount "82"]
[EventDate "2002.04.22"]
[EventType "tourn (corr)"]
[EventRounds "6"]
[SourceTitle "Corr 2008"]
[Source "ChessBase"]
[SourceDate "2008.06.24"]
[SourceVersion "1"]
[SourceVersionDate "2008.06.24"]
[SourceQuality "1"]

1. Nf3 Nf6 2. g3 d5 3. Bg2 e6 4. 0-0 Be7 5. d4 0-0 6. a3 c5 7. dxc5 Bxc5 8. b4 Be7 9. Bb2 Nbd7 10. Qd4 Nb6 11. Nbd2 Bd7 12. c4 dxc4 13. Nxc4 Nxc4 14. Qxc4 Rc8 15. Qd4 a6 16. Rfd1 Ba4 17. Rd2 Qxd4 18. Nxd4 b6 19. f4 Rfd8 20. e4 a5 21. e5 Nd5 22. bxa5 bxa5 23. Be4 Nb6 24. Nf3 Nc4 25. Rxd8+ Rxd8 26. Bc3 Bd1 27. Nd4 Ba4 28. Nf3 Bc5+ 29. Kf1 Rb8 30. Nd2 Nxd2+ 31. Bxd2 Rb2 32. Ke1 Bf2+ 33. Kxf2 Rxd2+ 34. Ke3 Rxh2 35. Rc1 g5 36. fxg5 Bb3 37. Rh1 Ra2 38. Kd4 Rxa3 39. Bxh7+ Kg7 40. Bd3 Bd5 41. Rh7+ Kg8 0-1